[Event "Doeberl Cup 57th"]
[Site "Canberra"]
[Date "2019.04.22"]
[Round "9"]
[White "Puccini, Jack"]
[Black "Pirotais, Jerome"]
[Result "1/2-1/2"]
[WhiteElo "2261"]
[BlackElo "2075"]
[PlyCount "68"]
[EventDate "2019.04.18"]
[EventType "swiss"]
[EventRounds "9"]
[EventCountry "AUS"]
[SourceTitle "CBM 189 Extra"]
[Source "ChessBase"]
[SourceDate "2019.06.03"]
[SourceVersion "1"]
[SourceVersionDate "2019.06.03"]
[SourceQuality "1"]

1. e4 e6 2. d4 d5 3. Nc3 Nf6 4. Bg5 Bb4 5. e5 h6 6. Be3 Ne4 7. Qg4 g6 8. a3 Bxc3+ 9. bxc3 c5 10. Bd3 h5 11. Qh3 Nxc3 12. dxc5 d4 13. Bd2 Nd7 14. Nf3 Nxc5 15. 0-0 Nxd3 16. cxd3 b6 17. Bg5 Qd5 18. Bf6 0-0 19. Rfe1 Ba6 20. Ng5 Qb5 21. g4 Qxd3 22. f3 Nd5 23. Ne4 Nf4 24. Qg3 Qf1+ 25. Rxf1 Ne2+ 26. Kg2 Nxg3 27. hxg3 Bxf1+ 28. Rxf1 Rfc8 29. gxh5 Rc2+ 30. Nf2 Rac8 31. Rh1 Rxf2+ 32. Kxf2 Rc2+ 33. Kg1 d3 34. Bg5 d2 1/2-1/2

[Event "Doeberl Cup 57th"]
[Site "Canberra"]
[Date "2019.04.21"]
[Round "8"]
[White "Pirotais, Jerome"]
[Black "McClymont, Brodie"]
[Result "1/2-1/2"]
[WhiteElo "2075"]
[BlackElo "2360"]
[PlyCount "51"]
[EventDate "2019.04.18"]
[EventType "swiss"]
[EventRounds "9"]
[EventCountry "AUS"]
[SourceTitle "CBM 189 Extra"]
[Source "ChessBase"]
[SourceDate "2019.06.03"]
[SourceVersion "1"]
[SourceVersionDate "2019.06.03"]
[SourceQuality "1"]

1. e4 c5 2. Nf3 d6 3. d4 cxd4 4. Nxd4 Nf6 5. Nc3 a6 6. Bg5 Nbd7 7. Qe2 h6 8. Bh4 g6 9. f4 e5 10. fxe5 dxe5 11. 0-0-0 Qc7 12. Nb3 b5 13. g4 Bb7 14. Bg2 Be7 15. Rhf1 Rc8 16. Kb1 b4 17. Bxf6 Nxf6 18. Nd5 Nxd5 19. exd5 Bd6 20. Be4 0-0 21. Qe3 Kg7 22. g5 hxg5 23. Qxg5 Qd8 24. Rxf7+ Rxf7 25. Qxg6+ Kf8 26. Qh6+ 1/2-1/2

[Event "Sautron op 13th"]
[Site "Sautron"]
[Date "2013.10.??"]
[Round "8"]
[White "Pirotais, Jerome"]
[Black "Duboue, Camille"]
[Result "1-0"]
[WhiteElo "2044"]
[BlackElo "1301"]
[PlyCount "63"]
[EventDate "2013.10.26"]
[EventType "swiss"]
[EventRounds "9"]
[EventCountry "FRA"]
[SourceTitle "EXT 2016"]
[Source "ChessBase"]
[SourceDate "2015.10.08"]
[SourceVersion "1"]
[SourceVersionDate "2015.10.08"]
[SourceQuality "1"]

1. e4 c5 2. Nf3 e6 3. d4 cxd4 4. Nxd4 Nf6 5. Nc3 Bb4 6. e5 Nd5 7. Bd2 Qc7 8. Nxd5 Qxe5+ 9. Ne2 Bxd2+ 10. Qxd2 exd5 11. 0-0-0 0-0 12. Qxd5 Qxd5 13. Rxd5 Rd8 14. Nc3 d6 15. Nb5 Be6 16. Rxd6 Nc6 17. Be2 a6 18. Rxd8+ Rxd8 19. Nc3 Bf5 20. Bf3 Rc8 21. Rd1 g6 22. a3 Rc7 23. Nd5 Rc8 24. Nb6 Rc7 25. Nd5 Rc8 26. b3 Kg7 27. Nb6 Rc7 28. Nc4 b5 29. Nd6 Bd7 30. Bd5 f6 31. Be6 Kf8 32. Nxb5 1-0

[Event "Sautron op 13th"]
[Site "Sautron"]
[Date "2013.10.??"]
[Round "4"]
[White "Pirotais, Jerome"]
[Black "Le Pen, Steven"]
[Result "1-0"]
[WhiteElo "2044"]
[BlackElo "1957"]
[PlyCount "59"]
[EventDate "2013.10.26"]
[EventType "swiss"]
[EventRounds "9"]
[EventCountry "FRA"]
[SourceTitle "EXT 2016"]
[Source "ChessBase"]
[SourceDate "2015.10.08"]
[SourceVersion "1"]
[SourceVersionDate "2015.10.08"]
[SourceQuality "1"]

1. e4 c5 2. Nf3 d6 3. d4 cxd4 4. Nxd4 Nf6 5. f3 e5 6. Nb3 Be7 7. c4 0-0 8. Nc3 Be6 9. Be3 a5 10. Rc1 a4 11. Nd2 Qa5 12. Be2 Nbd7 13. 0-0 Nc5 14. Qc2 Rfc8 15. Rfd1 h6 16. Ndb1 Bf8 17. Na3 Bd7 18. Nab5 Bxb5 19. Nxb5 Rd8 20. Kh1 Rac8 21. Bd2 Qb6 22. Be3 Qa5 23. Bd2 Qb6 24. b4 axb3 25. axb3 Ne6 26. Bc3 Be7 27. Qd2 Ne8 28. Ba5 Qf2 29. Bxd8 Rxd8 30. Qe1 1-0

[Event "Sautron op 13th"]
[Site "Sautron"]
[Date "2013.10.??"]
[Round "3"]
[White "Van Mulder, Eric"]
[Black "Pirotais, Jerome"]
[Result "0-1"]
[WhiteElo "1734"]
[BlackElo "2044"]
[PlyCount "28"]
[EventDate "2013.10.26"]
[EventType "swiss"]
[EventRounds "9"]
[EventCountry "FRA"]
[SourceTitle "EXT 2016"]
[Source "ChessBase"]
[SourceDate "2015.10.08"]
[SourceVersion "1"]
[SourceVersionDate "2015.10.08"]
[SourceQuality "1"]

1. e3 c5 2. c4 Nf6 3. Nc3 g6 4. Be2 Bg7 5. Bf3 0-0 6. g4 d6 7. g5 Nfd7 8. h4 Ne5 9. Be2 Bf5 10. e4 Be6 11. d3 Nec6 12. Be3 Nd4 13. Bxd4 cxd4 14. Nh3 dxc3 0-1

[Event "Nantes op 10th"]
[Site "Nantes"]
[Date "2011.??.??"]
[Round "7"]
[White "Kukov, Velislav"]
[Black "Pirotais, Jerome"]
[Result "1-0"]
[WhiteElo "2416"]
[BlackElo "2048"]
[PlyCount "61"]
[EventDate "2011.12.27"]
[EventType "swiss"]
[EventRounds "7"]
[EventCountry "FRA"]
[SourceTitle "EXT 2013"]
[Source "ChessBase"]
[SourceDate "2012.11.22"]
[SourceVersion "1"]
[SourceVersionDate "2012.11.22"]
[SourceQuality "1"]

1. d4 Nf6 2. Bg5 Ne4 3. Bf4 d5 4. e3 g6 5. Bd3 Bg7 6. c4 Nf6 7. Nc3 dxc4 8. Bxc4 0-0 9. Nf3 a6 10. a4 c5 11. 0-0 cxd4 12. exd4 Bg4 13. d5 Nbd7 14. h3 Bxf3 15. Qxf3 Nh5 16. Bh2 Ne5 17. Qe2 Nxc4 18. Qxc4 Qb6 19. Qe2 Qb4 20. a5 Rfe8 21. Ra4 Qb3 22. Ra3 Qb4 23. Ra4 Qb3 24. Rc4 Rac8 25. Rxc8 Rxc8 26. Qxe7 Bxc3 27. Qd7 Rc5 28. Bd6 Rxd5 29. Qe8+ Kg7 30. Bf8+ Kf6 31. Qe7+ 1-0

[Event "Rohde op 10th"]
[Site "Sautron"]
[Date "2010.10.28"]
[Round "7"]
[White "Bihari, Pascal"]
[Black "Pirotais, Jerome"]
[Result "0-1"]
[WhiteElo "1802"]
[BlackElo "2058"]
[PlyCount "50"]
[EventDate "2010.10.23"]
[EventType "swiss"]
[EventRounds "9"]
[EventCountry "FRA"]
[SourceTitle "EXT 2012"]
[Source "ChessBase"]
[SourceDate "2011.11.24"]
[SourceVersion "1"]
[SourceVersionDate "2011.11.24"]
[SourceQuality "1"]

1. e4 c5 2. Nf3 Nc6 3. d4 cxd4 4. Nxd4 g6 5. Be3 Bg7 6. Bc4 Nf6 7. Nc3 0-0 8. Bb3 a5 9. a4 Ng4 10. Qxg4 Nxd4 11. Qd1 Nxb3 12. cxb3 d6 13. 0-0 Be6 14. Rc1 Ra6 15. f3 Rc6 16. Rf2 f5 17. Re2 fxe4 18. Nxe4 Rxc1 19. Bxc1 Qb6+ 20. Be3 Qxb3 21. Qxb3 Bxb3 22. Bb6 Bxa4 23. Bxa5 Bb5 24. Rd2 Ra8 25. b4 Bh6 0-1

[Event "Rohde op 08th"]
[Site "Sautron"]
[Date "2008.11.01"]
[Round "9"]
[White "Bensdorp, Marlies"]
[Black "Pirotais, Jerome"]
[Result "1-0"]
[WhiteElo "2303"]
[BlackElo "1990"]
[PlyCount "47"]
[EventDate "2008.10.25"]
[EventType "swiss"]
[EventRounds "9"]
[EventCountry "FRA"]
[SourceTitle "EXT 2009"]
[Source "ChessBase"]
[SourceDate "2008.11.26"]
[SourceVersion "1"]
[SourceVersionDate "2008.11.26"]
[SourceQuality "1"]

1. d4 Nf6 2. c4 e6 3. Nf3 c5 4. d5 b5 5. dxe6 fxe6 6. cxb5 d5 7. Nc3 Nbd7 8. g3 a6 9. bxa6 Bd6 10. Bg2 0-0 11. 0-0 Bxa6 12. Qc2 Qe7 13. Rd1 Rab8 14. h3 d4 15. Ne4 Nxe4 16. Qxe4 Nf6 17. Qc2 e5 18. Ng5 Qd7 19. b3 Rfc8 20. Bd5+ Nxd5 21. Qxh7+ Kf8 22. Qh8+ Ke7 23. Qxg7+ Kd8 24. Qg8+ 1-0

[Event "Rohde op 08th"]
[Site "Sautron"]
[Date "2008.10.31"]
[Round "8"]
[White "Pirotais, Jerome"]
[Black "Crouan, Stephane"]
[Result "1-0"]
[WhiteElo "1990"]
[BlackElo "2183"]
[PlyCount "77"]
[EventDate "2008.10.25"]
[EventType "swiss"]
[EventRounds "9"]
[EventCountry "FRA"]
[SourceTitle "EXT 2009"]
[Source "ChessBase"]
[SourceDate "2008.11.26"]
[SourceVersion "1"]
[SourceVersionDate "2008.11.26"]
[SourceQuality "1"]

1. e4 Nf6 2. e5 Nd5 3. Nc3 Nxc3 4. bxc3 d6 5. f4 g6 6. Nf3 Bg7 7. d4 0-0 8. Bd3 c5 9. 0-0 Na6 10. Be3 Nc7 11. Qe2 b6 12. Rad1 cxd4 13. cxd4 d5 14. h3 a5 15. Rb1 b5 16. g4 b4 17. Rfc1 Ba6 18. c3 Bxd3 19. Qxd3 Re8 20. cxb4 axb4 21. Rxb4 Rxa2 22. Qb3 Ra5 23. Rb7 Ne6 24. f5 Nf8 25. Bd2 Ra8 26. Rc5 Ra1+ 27. Kf2 Qa8 28. Rxd5 gxf5 29. gxf5 Qa6 30. Qb5 Qa2 31. Qxe8 Qxd5 32. Qxe7 Ra2 33. Kg3 Ra3 34. Qxa3 Qxb7 35. f6 Bh8 36. Qe7 Qa8 37. Ng5 Qd5 38. Bb4 Qb3+ 39. Nf3 1-0

[Event "Avoine op 23rd"]
[Site "Avoine"]
[Date "2008.07.21"]
[Round "3"]
[White "Sandu, Mihaela"]
[Black "Pirotais, Jerome"]
[Result "1-0"]
[WhiteElo "2325"]
[BlackElo "1981"]
[PlyCount "91"]
[EventDate "2008.07.19"]
[EventType "swiss"]
[EventRounds "9"]
[EventCountry "FRA"]
[SourceTitle "CBM 125 Extra"]
[Source "ChessBase"]
[SourceDate "2008.09.01"]
[SourceVersion "1"]
[SourceVersionDate "2008.09.01"]
[SourceQuality "1"]

1. e4 c5 2. Nc3 e6 3. g3 d5 4. d3 d4 5. Nb1 Nc6 6. Bg2 g6 7. f4 Bg7 8. Nf3 Nge7 9. 0-0 0-0 10. a4 Rb8 11. b3 e5 12. Na3 f6 13. fxe5 fxe5 14. Bd2 a6 15. Qc1 Qc7 16. Bh6 Be6 17. Qg5 Bf6 18. Qd2 Bg7 19. Rf2 Rf6 20. Raf1 Rbf8 21. Qg5 Nc8 22. Qh4 Bxh6 23. Qxh6 Qg7 24. Qh4 h6 25. Bh3 Bxh3 26. Qxh3 Nd6 27. Qg4 R8f7 28. Nd2 Rxf2 29. Rxf2 Rxf2 30. Kxf2 Qf7+ 31. Kg2 Nb4 32. Qh4 Qf8 33. Qh3 Kf7 34. Ndc4 Nxc4 35. Nxc4 Kf6 36. Qd7 Nxc2 37. Qxb7 Ne1+ 38. Kf1 Nxd3 39. Ke2 Nb4 40. Qb6+ Kg5 41. Nxe5 d3+ 42. Ke3 Qg8 43. h4+ Kh5 44. Qf6 Nc2+ 45. Kd2 g5 46. Qf3+ 1-0

[Event "Gorges op 18th"]
[Site "Gorges"]
[Date "2008.07.??"]
[Round "3"]
[White "Gallant, Aurelien"]
[Black "Pirotais, Jerome"]
[Result "1/2-1/2"]
[WhiteElo "1891"]
[BlackElo "1981"]
[PlyCount "99"]
[EventDate "2008.07.??"]
[EventType "swiss"]
[EventRounds "7"]
[EventCountry "FRA"]
[SourceTitle "CBM 125 Extra"]
[Source "ChessBase"]
[SourceDate "2008.09.01"]
[SourceVersion "1"]
[SourceVersionDate "2008.09.01"]
[SourceQuality "1"]

1. e4 c5 2. Nf3 e6 3. d4 cxd4 4. Nxd4 Nf6 5. Nc3 Nc6 6. Ndb5 Bc5 7. Bf4 0-0 8. Be2 d5 9. exd5 exd5 10. Nc7 d4 11. Na4 Bd6 12. Bxd6 Qxd6 13. Nxa8 Bf5 14. 0-0 Rxa8 15. b3 Nb4 16. Nb2 Bxc2 17. Qd2 Ne4 18. Qe1 Nc3 19. Bf3 Nbxa2 20. Nc4 Qb4 21. Nd2 Bd3 22. Qe5 Bxf1 23. Kxf1 Qb6 24. Qe7 Rf8 25. Kg1 Qh6 26. Nc4 b5 27. Nd6 a6 28. Re1 g6 29. Ne8 Nc1 30. Qe5 Nd3 31. Qxd4 Nxe1 32. Nf6+ Kh8 33. Qxc3 Nxf3+ 34. gxf3 Qg7 35. Qc5 h5 36. b4 Qxf6 37. Qxf8+ Kh7 38. Kg2 Qg5+ 39. Kh3 Qf5+ 40. Kg2 Qg5+ 41. Kh3 Qf4 42. Kg2 Qc4 43. Qc5 Kg7 44. Qe5+ Kg8 45. Qb8+ Kh7 46. Qd6 a5 47. bxa5 b4 48. a6 b3 49. a7 b2 50. Qb8 1/2-1/2

[Event "FRA-ch U18"]
[Site "La Roche sur Yon"]
[Date "2008.04.26"]
[Round "8"]
[White "Pirotais, Jerome"]
[Black "Tachikart, Yassin"]
[Result "0-1"]
[WhiteElo "1981"]
[BlackElo "2111"]
[PlyCount "48"]
[EventDate "2008.04.21"]
[EventType "swiss"]
[EventRounds "9"]
[EventCountry "FRA"]
[SourceTitle "EXT 2010"]
[Source "ChessBase"]
[SourceDate "2010.11.25"]
[SourceVersion "1"]
[SourceVersionDate "2010.11.25"]
[SourceQuality "1"]

1. e4 e5 2. Nf3 Nc6 3. Bb5 a6 4. Ba4 Nf6 5. 0-0 Be7 6. Re1 b5 7. Bb3 0-0 8. c3 d5 9. exd5 Nxd5 10. Nxe5 Nxe5 11. Rxe5 c6 12. d3 Bd6 13. Re1 Qh4 14. g3 Qh3 15. Qf3 Bg4 16. Qg2 Qh5 17. Be3 Bf3 18. Qf1 f5 19. Nd2 f4 20. Nxf3 fxe3 21. Rxe3 Rxf3 22. Bd1 Nxe3 23. Bxf3 Qxf3 24. fxe3 Qxe3+ 0-1

[Event "Nantes op 7th"]
[Site "Nantes"]
[Date "2008.??.??"]
[Round "9"]
[White "Crouan, Stephane"]
[Black "Pirotais, Jerome"]
[Result "1/2-1/2"]
[WhiteElo "2183"]
[BlackElo "1990"]
[PlyCount "70"]
[EventDate "2008.12.26"]
[EventType "swiss"]
[EventRounds "9"]
[EventCountry "FRA"]
[SourceTitle "CBM 128 Extra"]
[Source "ChessBase"]
[SourceDate "2009.03.05"]
[SourceVersion "2"]
[SourceVersionDate "2009.03.25"]
[SourceQuality "1"]

1. d4 e6 2. Nf3 Nf6 3. g3 Be7 4. Bg2 d5 5. 0-0 0-0 6. b3 c5 7. Bb2 cxd4 8. Nxd4 e5 9. Nf3 e4 10. Nd4 Nc6 11. h3 Qb6 12. e3 Rd8 13. Qe2 Be6 14. Nd2 Rac8 15. Rfc1 a6 16. a3 Ne5 17. Bf1 Rc7 18. Qe1 Rdc8 19. Qd1 Qd6 20. Kg2 b5 21. a4 b4 22. Nxe6 Qxe6 23. Bxa6 Qxa6 24. Bxe5 Rc6 25. Nf1 Qb7 26. Qd2 Nd7 27. Bd4 Nc5 28. Rd1 Ne6 29. Rac1 Nxd4 30. Qxd4 Rc5 31. Kg1 Qa6 32. Qxb4 Qe6 33. Qd2 Qxh3 34. Qe2 R8c6 35. c4 dxc4 1/2-1/2

[Event "Nantes op 7th"]
[Site "Nantes"]
[Date "2008.??.??"]
[Round "8"]
[White "Pirotais, Jerome"]
[Black "Mesli, Maurice"]
[Result "1-0"]
[WhiteElo "1990"]
[BlackElo "1929"]
[PlyCount "69"]
[EventDate "2008.12.26"]
[EventType "swiss"]
[EventRounds "9"]
[EventCountry "FRA"]
[SourceTitle "CBM 128 Extra"]
[Source "ChessBase"]
[SourceDate "2009.03.05"]
[SourceVersion "2"]
[SourceVersionDate "2009.03.25"]
[SourceQuality "1"]

1. e4 c6 2. Nc3 d5 3. d4 dxe4 4. Nxe4 Nd7 5. Nf3 Ngf6 6. Ned2 Nb6 7. Bd3 g6 8. 0-0 Bf5 9. Qe2 Bxd3 10. Qxd3 Bg7 11. Ne5 0-0 12. Ndf3 Qc7 13. h3 Nfd7 14. Bf4 Nxe5 15. Nxe5 Qd6 16. Bg3 Nd7 17. Nxf7 Qxd4 18. Qxd4 Bxd4 19. Nh6+ Kg7 20. Rad1 Kxh6 21. Rxd4 Nf6 22. Re1 Rf7 23. Bf4+ g5 24. Bd2 Kg6 25. Re6 Kf5 26. Re3 e5 27. Rd6 Re8 28. Bc3 e4 29. Bxf6 Rxf6 30. Rd7 b6 31. Rxh7 a5 32. Rb7 c5 33. Rd7 Ke6 34. Rg7 Kf5 35. Rg3 1-0

[Event "Nantes op 6th"]
[Site "Nantes"]
[Date "2007.12.28"]
[Round "5"]
[White "Pirotais, Jerome"]
[Black "Jaulin, Philippe"]
[Result "1/2-1/2"]
[WhiteElo "1977"]
[BlackElo "2141"]
[PlyCount "41"]
[EventDate "2007.12.26"]
[EventType "swiss"]
[EventRounds "7"]
[EventCountry "FRA"]
[SourceTitle "CBM 122 Extra"]
[Source "ChessBase"]
[SourceDate "2008.03.04"]
[SourceVersion "1"]
[SourceVersionDate "2008.03.04"]
[SourceQuality "1"]

1. e4 c5 2. Nf3 Nc6 3. d4 cxd4 4. Nxd4 Nf6 5. Nc3 d6 6. Bg5 e6 7. f4 h6 8. Bh4 Be7 9. Be2 0-0 10. Bf2 Qc7 11. 0-0 Nxd4 12. Qxd4 e5 13. Qd2 exf4 14. Qxf4 Be6 15. a4 Rfc8 16. Rad1 Qa5 17. Rd4 Qe5 18. Qd2 Qg5 19. Be3 Qg6 20. Kh1 Rc5 21. Rb4 1/2-1/2

[Event "Rohde op 07th"]
[Site "Sautron"]
[Date "2007.11.03"]
[Round "9"]
[White "Pirotais, Jerome"]
[Black "Delorme, Alban"]
[Result "0-1"]
[WhiteElo "1977"]
[BlackElo "2359"]
[PlyCount "70"]
[EventDate "2007.10.27"]
[EventType "swiss"]
[EventRounds "9"]
[EventCountry "FRA"]
[SourceTitle "EXT 2008"]
[Source "ChessBase"]
[SourceDate "2007.11.25"]
[SourceVersion "1"]
[SourceVersionDate "2007.11.25"]
[SourceQuality "1"]

1. e4 c5 2. Nf3 Nc6 3. d4 cxd4 4. Nxd4 Nf6 5. Nc3 d6 6. Bg5 Qa5 7. Bb5 Bd7 8. Nb3 Qd8 9. 0-0 a6 10. Be2 b5 11. a4 b4 12. Nd5 e6 13. Ne3 Qc7 14. Bxf6 gxf6 15. a5 Be7 16. Nc4 0-0 17. Bd3 Kh8 18. Qh5 Rg8 19. f4 Rg7 20. Kh1 Qa7 21. Nb6 Rag8 22. Rg1 Be8 23. Raf1 Bd8 24. Nc4 Qd7 25. Ne3 Qa7 26. Nc4 Qc7 27. Nb6 Nxa5 28. Nxa5 Qxb6 29. Nc4 Qd4 30. Rd1 Bc6 31. h3 Bxe4 32. Nxd6 Qxd6 33. Bxe4 Qxf4 34. Bd3 f5 35. Bxa6 Bc7 0-1

[Event "Rohde op 07th"]
[Site "Sautron"]
[Date "2007.11.01"]
[Round "7"]
[White "Pirotais, Jerome"]
[Black "Hetey, Laszlo"]
[Result "0-1"]
[WhiteElo "1977"]
[BlackElo "2359"]
[PlyCount "96"]
[EventDate "2007.10.27"]
[EventType "swiss"]
[EventRounds "9"]
[EventCountry "FRA"]
[SourceTitle "EXT 2008"]
[Source "ChessBase"]
[SourceDate "2007.11.25"]
[SourceVersion "1"]
[SourceVersionDate "2007.11.25"]
[SourceQuality "1"]

1. e4 e5 2. Nf3 Nc6 3. Bb5 a6 4. Ba4 Nf6 5. 0-0 Be7 6. Re1 b5 7. Bb3 d6 8. c3 0-0 9. h3 Nb8 10. d4 Nbd7 11. Nbd2 c5 12. Bc2 Re8 13. Nf1 Bb7 14. Ng3 Bf8 15. d5 g6 16. Be3 Bg7 17. Qd2 Nb6 18. b3 Bc8 19. Bh6 Qe7 20. Rad1 Qf8 21. Bxg7 Qxg7 22. Qe3 Kh8 23. Kh1 Ng8 24. Nh2 Qh6 25. Qf3 Rf8 26. Ng4 Qg7 27. Kg1 Ra7 28. Ne3 f6 29. Qe2 Ne7 30. Rf1 Qh6 31. Ng4 Qh4 32. Kh2 f5 33. exf5 Nexd5 34. Qf3 gxf5 35. Rxd5 Nxd5 36. Qxd5 fxg4 37. Qxd6 Qe7 38. Qh6 Qg7 39. Qe3 gxh3 40. gxh3 Rc7 41. Nh5 Qe7 42. Qh6 Rf3 43. Kg2 Qf8 44. Qg5 Bxh3+ 45. Kg1 Bxf1 46. Qxe5+ Rg7+ 47. Kxf1 Rxf2+ 48. Ke1 Rxc2 0-1

[Event "Rohde op 07th"]
[Site "Sautron"]
[Date "2007.10.30"]
[Round "5"]
[White "Pirotais, Jerome"]
[Black "Crouan, Stephane"]
[Result "0-1"]
[WhiteElo "1977"]
[BlackElo "2207"]
[PlyCount "30"]
[EventDate "2007.10.27"]
[EventType "swiss"]
[EventRounds "9"]
[EventCountry "FRA"]
[SourceTitle "EXT 2008"]
[Source "ChessBase"]
[SourceDate "2007.11.25"]
[SourceVersion "1"]
[SourceVersionDate "2007.11.25"]
[SourceQuality "1"]

1. e4 c5 2. Nf3 e6 3. d4 cxd4 4. Nxd4 a6 5. Bd3 Nf6 6. c4 Nc6 7. Be3 Qc7 8. 0-0 d6 9. Nd2 g6 10. f4 Bg7 11. Nxc6 Qxc6 12. Bd4 e5 13. Bc3 0-0 14. f5 b5 15. Qe2 b4 0-1

[Event "Avoine op 22nd"]
[Site "Avoine"]
[Date "2007.07.27"]
[Round "7"]
[White "Vekemans, Paul"]
[Black "Pirotais, Jerome"]
[Result "0-1"]
[WhiteElo "1848"]
[BlackElo "1947"]
[PlyCount "62"]
[EventDate "2007.07.21"]
[EventType "swiss"]
[EventRounds "9"]
[EventCountry "FRA"]
[SourceTitle "EXT 2010"]
[Source "ChessBase"]
[SourceDate "2010.11.25"]
[SourceVersion "1"]
[SourceVersionDate "2010.11.25"]
[SourceQuality "1"]

1. e4 c5 2. Nf3 d6 3. d4 cxd4 4. Nxd4 Nf6 5. Nc3 a6 6. Be2 e6 7. 0-0 Be7 8. f4 0-0 9. Kh1 Nc6 10. Bf3 Qb6 11. Nb3 Ne8 12. Qe2 Bf6 13. Be3 Qc7 14. Rad1 Rb8 15. g4 g6 16. Qg2 Bd7 17. Nd4 Nxd4 18. Bxd4 Bxd4 19. Rxd4 Qb6 20. Qd2 Qxb2 21. Rb1 Qa3 22. Rdb4 b5 23. R1b3 Qa5 24. a4 bxa4 25. Rxa4 Bxa4 26. Rxb8 Bb5 27. Qe3 Qc7 28. Rb6 Ng7 29. Nxb5 axb5 30. Rxb5 Qxc2 31. Rb6 Ra8 0-1